فتاوى علي الطنطاوي / (رقم التسجيلة. 20542)

تفاصيل مارك
000 -الفاتح
عناصر البيانات ثابتة الطول 00818cam a2200217 i 4500
005 - تاريخ ووقت آخر معاملة
حقل ضبط 20251209095425.0
008 - عناصر البيانات ثابتة الطول
عناصر البيانات ثابتة الطول 250721s1985 su gr 000 0 ara d
082 14 - رقم تصنيف ديوي العشري
رقم التصنيف 216.114
رقم المادة ع ل ي
100 1# - مدخل رئيسي – اسم شخصي
الاسم الشخصي الطنطاوي، علي
علاقة الشخص بالعمل/ دوره مؤلف.
245 10 - بيان العنوان
العنوان فتاوى علي الطنطاوي /
بيان المسؤولية علي الطنطاوي ،جمعها ورتبها حفيدهمجاهد ديرانية.
250 ## - بيان الطبعة
بيان الطبعة الطبعه الاولى.
264 31 - بيانات النشر، التوزيع…إلخ
مكان النشر، التوزيع...إلخ جده :
اسم الناشر، الموزع...إلخ دار المنارة للنشر و التوزيع،
تاريخ النشر، التوزيع...إلخ 1985.
300 ## - الوصف المادي
عدد الوحدات المكونة للوعاء 326 صفحه.
650 17 - مدخل إضافي بالموضوع - مصطلح موضوعي
مصطلح موضوعي أو اسم جغرافي كعنصر مدخل الإسلام.
650 17 - مدخل إضافي بالموضوع - مصطلح موضوعي
مصطلح موضوعي أو اسم جغرافي كعنصر مدخل الفقه الإسلامي.
650 17 - مدخل إضافي بالموضوع - مصطلح موضوعي
مصطلح موضوعي أو اسم جغرافي كعنصر مدخل أصول الدين الإسلامي
650 17 - مدخل إضافي بالموضوع - مصطلح موضوعي
مصطلح موضوعي أو اسم جغرافي كعنصر مدخل الفتاوى.
700 1# - مدخل إضافي - اسم شخصي
الاسم الشخصي ديرانيه، مجاهد
علاقة الشخص بالعمل/ دوره جمع و ترتيب.
942 ## - بيانات إضافية (كوها)
نوع التنصيف Dewey Decimal Classification
نوع المادة (كوها) كتب
المقتنيات
حالة السحب حالة الفقدان مصدر التصنيف حالة التلف غير قابل للإعارة المكتبة الرئيسية المكتبة الحالية موقع الرف تاريخ التزويد الرقم المتسلسل Total Checkouts رقم الإستدعاء الباركود تاريخ آخر ظهور تاريخ الفاتورة نوع المادة (كوها)
    Dewey Decimal Classification     المكتبة المركزية المكتبة المركزية الإعارة 06/07/2004 189681   216.114 / ع ل ي 189681 28/07/2025 06/07/2004 كتب
Implemented & Customized by: BBB with SCIT (Smart Chains for Information Technology)

Powered by Koha